| 000 | 004700000a22001810004500 | ||
|---|---|---|---|
| 003 | MACL | ||
| 005 | 20151027153239.0 | ||
| 008 | 151027b xxu||||| |||| 00| 0 eng d | ||
| 040 |
_aMACL _cMACL |
||
| 041 | _aEnglish | ||
| 082 | _a370/VER | ||
| 100 |
_aVerma, Dr. Madhurima _917037 |
||
| 245 | _aPersonality And Academic Achievements | ||
| 260 |
_bSatyam Publishing House _c2009 _aNew Delhi |
||
| 350 | _a350 | ||
| 650 |
_aEducation _917038 |
||
| 942 |
_cBK _k370/VER _2ddc |
||
| 999 |
_c44524 _d44524 |
||